00453 2200181 4500001002100000005001500021008004100036020002200077035001900099041000700118082000800125090001400133100001500147245003600162260003300198300001900231650002100250INLIS00000000001439620241224114733241224||||||||| | ||| |||| || |  a978-979-756-454-4 0010-1224014396 aid0 a410 a410 FXN p0 aF.X .Nadar00aPragmatik &penelitian Pragmatik aYogyakartabGraha Ilmuc2009 a260hlm;16x23cm 0aBahasa Indonesia